banner-ar

Émile Prisse d'Avennes : (Record no. 63042)

MARC details
000 -الفاتح
حقل البيانات ثابتة الطول 01294cam a2200337 i 4500
005 - وقت وتاريخ اخر تعامل مع التسجيلة
رقم الضبط 20240530110620.0
008 - عناصر البيانات ثابتة الطول - معلومات عامة
حقل البيانات ثابتة الطول 140809s2013 fr a b 001 0bfre d
010 ## -
-- 2013324477
020 ## - الرقم الدولى المعيارى للكتب
الرقم الدولى المعيارى للكتاب 9782724706277
020 ## - الرقم الدولى المعيارى للكتب
الرقم الدولى المعيارى للكتاب 2724706277
040 ## - مصدر الفهرسة
وكالة النسخ EG-CaGPL
وكالة الفهرسة الأصلية EG-CaGPL
082 04 - رقم تصنيف ديوى العشرى
رقم الطبعة 21
رقم التصنيف 709.034
رقم المادة CC/V E
245 00 - بيان العنوان
العنوان Émile Prisse d'Avennes :
بقية العنوان un artiste-antiquaire en Égypte au XIXe siècle /
بيان المسئوليه,etc textes réunis par Mercedes Volait.
300 ## - الوصف المادى
التعداد x, 309 pages :
تفاصيل ماديه اخرى للوعاء illustrations (some color) ;
أبعاد الوعاء 29 cm.
490 0# - بيان السلسلة
عنوان السلسلة Bibliothèque d'étude ;
رقم المجلد/ التعيين التسلسلي 156
490 0# - بيان السلسلة
عنوان السلسلة Publications de l'Institut Français d'Archéologie Orientale ;
رقم المجلد/ التعيين التسلسلي 1061/1231
504 ## - تبصرة ببليوجرافية
تبصرة ببليوجرافية,الخ Includes bibliographical references and indexes.
600 10 - المدخل الاضافى بالموضوع-اسم شخصى
الإسم الشخصى Prisse d'Avennes,
التواريخ المصاحبة للاسم 1807-1879.
650 #0 - المدخل الاضافى بالموضوع-مصطلح موضوعى
مصطلح موضوعي Egyptologists
التقسيم الفرعي الجغرافي France
التقسيم الفرعي الشكلي Biography.
651 #0 - المدخل الاضافى بالموضوع - اسم جغرافى
الاسم الجغرافي Egypt
التقسيم الفرعي العام Antiquities
التقسيم الفرعي الزمني 19th century.
700 1# - المدخل الاضافى - اسم شخصى
الإسم الشخصى Volait, Mercedes.
الدور editor of compilation.
942 ## - عناصر المدخل الإضافي( كوها)
مصدر التصنيف او مخطط الترفيف Dewey Decimal Classification
Koha [default] item type كتاب
264 #1 -
-- Le Caire :
-- Institut Français d'Archéologie Orientale,
-- 2013.
336 ## -
-- text
-- rdacontent
337 ## -
-- unmediated
-- rdamedia
338 ## -
-- volume
-- rdacarrier
830 #0 - المدخل الاضافى بالسلسلة -عنوان موحد
عنوان موحد Bibliothèque d'étude ;
رقم المجلد/ التعيين التسلسلي 156.
830 #0 - المدخل الاضافى بالسلسلة -عنوان موحد
عنوان موحد Publications de l'Institut français d'archéologie orientale du Caire ;
رقم المجلد/ التعيين التسلسلي 1061/1231.
Holdings
حالة التراجع حالة الفقد مصدر التصنيف او خطة الترفيف حالة تلف ليس للاعارة المكان المؤقت الموقع الحالى موقع الترفيف تاريخ الاكتساب اجمالي اﻻعارات رقم الطلب الباركود تاريخ اخر مشاهدة تاريخ تفعيل السعر نوع وعاء كوها
    ddc     مكتبة القاهرة الكبرى مكتبة القاهرة الكبرى   12/19/2016   709.034 CC/V E 162990 12/19/2016 12/19/2016 كتاب

Powered By

EGPV